UM Logo

Advertising and promotion: (Record no. 1653)

MARC details
000 -LEADER
fixed length control field 00743nam a22002057a 4500
008 - FIXED-LENGTH DATA ELEMENTS--GENERAL INFORMATION
fixed length control field 160411b xxu||||| |||| 00| 0 eng d
020 ## - INTERNATIONAL STANDARD BOOK NUMBER
International Standard Book Number 13:978-0-07-338109-1
082 ## - DEWEY DECIMAL CLASSIFICATION NUMBER
Edition number 2009
Classification number DC 659.1
Item number B41
100 ## - MAIN ENTRY--PERSONAL NAME
9 (RLIN) 5215
Personal name Belch, George E.
245 ## - TITLE STATEMENT
Title Advertising and promotion:
Remainder of title an integrated marketing communications perspective/
Statement of responsibility, etc. George E. Belch and Michael A. Belch.
250 ## - EDITION STATEMENT
Edition statement Eight edition.
260 ## - PUBLICATION, DISTRIBUTION, ETC. (IMPRINT)
Place of publication, distribution, etc. Boston:
Name of publisher, distributor, etc. McGrwa-Hill,
Date of publication, distribution, etc. c2009.
300 ## - PHYSICAL DESCRIPTION
Extent xxv, 838 pages:
Other physical details color illustrations;
Dimensions 28 cm.
500 ## - GENERAL NOTE
General note Includes bibliographical references and index.
650 #0 - SUBJECT ADDED ENTRY--TOPICAL TERM
9 (RLIN) 5217
Topical term or geographic name as entry element Advertising.
650 #0 - SUBJECT ADDED ENTRY--TOPICAL TERM
9 (RLIN) 5218
Topical term or geographic name as entry element Sales promotion.
650 #0 - SUBJECT ADDED ENTRY--TOPICAL TERM
9 (RLIN) 5219
Topical term or geographic name as entry element Communication in marketing.
700 ## - ADDED ENTRY--PERSONAL NAME
9 (RLIN) 5216
Personal name Belch, Michael A.
942 ## - ADDED ENTRY ELEMENTS (KOHA)
Source of classification or shelving scheme Dewey Decimal Classification
Koha item type Circulation
Holdings
Withdrawn status Lost status Source of classification or shelving scheme Damaged status Not for loan Collection code Home library Current library Date acquired Source of acquisition Total Checkouts Full call number Barcode Date last seen Cost, replacement price Price effective from Koha item type
    Dewey Decimal Classification     Circulation UM Digos College - LIC UM Digos College - LIC 09/24/2010 Purchased   DC 659.1 B41 2009 20983 05/15/2025 3465.00 04/11/2016 Circulation